| 000 | 00519nam a2200121Ia 4500 | ||
|---|---|---|---|
| 008 | 220620s9999||||xx |||||||||||||| ||und|| | ||
| 100 | _aLien, Marianne Inéz||Lorentzen, Jørgen | ||
| 245 | 0 | _aMen's Experiences of Violence in Intimate Relationships | |
| 546 | _aEnglish[eng] | ||
| 650 | _aCriminology||Critical criminology||Victimology||Violence||Crime||Social groups||Family||Men||Sex (Psychology)||Gender expression | ||
| 856 | _uhttps://library.oapen.org/bitstream/20.500.12657/23031/1/1007130.pdf | ||
| 942 | _cEB | ||
| 999 |
_c29235 _d29235 |
||